Online Catalogue and eLibrary

Forbidden area : (Record no. 3354)

MARC details
000 -LEADER
fixed length control field 00550nam a2200157Ia 4500
005 - DATE AND TIME OF LATEST TRANSACTION
control field 20241024025855.0
008 - FIXED-LENGTH DATA ELEMENTS--GENERAL INFORMATION
fixed length control field 240331s9999 xx 000 0 und d
020 ## - INTERNATIONAL STANDARD BOOK NUMBER
ISBN 9555800502
082 ## - DDC Classification
Item Number - Author Mark CHA
Class No. 822
100 ## - MAIN ENTRY--PERSONAL NAME
Personal name Chandrasekaram, V
245 #0 - TITLE STATEMENT
Title Forbidden area :
Remainder of title A play
260 ## - PUBLICATION, DISTRIBUTION, ETC.
Place of publication, distribution, etc. Colombo
Name of publisher, distributor, etc. Rajah & Sundram Publishers
Date of publication, distribution, etc. 2000
300 ## - PHYSICAL DESCRIPTION
Extent (e.g. Volumes, Pages etc.) 41 p .,
500 ## - GENERAL NOTE
General note "Forbidden Area" was originally written in Sinhala Language as " Thahanam Adaviya" by Visakesa Chandrasekaram, then produced and performed in Colombo in November 1997.
942 ## - Koha item type (Biblio)
Koha item type Books in Stacks (Lending)
Holdings
Lost status Damaged status Collection code Home library Current library Shelving location Date acquired Full call number Accession Number Item type
    Lending WERC Library WERC Library Social Science Cupboard 03/31/2024 823 CHA 1953 Books in Stacks (Lending)

© WERC Library